Marketing, concepts and strategy

Αποθηκεύτηκε σε:
Λεπτομέρειες βιβλιογραφικής εγγραφής
Κύριος συγγραφέας: Bell, Martin L.
Μορφή: Βιβλίο
Γλώσσα:English
Δημοσίευση: Boston : Houghton Mifflin, c1979
Έκδοση:3rd ed.
Θέματα:
Ετικέτες: Προσθήκη ετικέτας
Δεν υπάρχουν, Καταχωρήστε ετικέτα πρώτοι!

MARC

LEADER 00000cam a2200000 i 4500
001 1/51217
008 960207s1979 eng d
020 |a 0395265037 
035 |l 10027135 
040 |a GR-MY-UA  |b gre  |e aacr 
041 0 |a eng 
082 0 |a 658.8 
100 1 |a Bell, Martin L. 
245 1 0 |a Marketing, concepts and strategy /  |c Martin L. Bell 
250 |a 3rd ed. 
260 |a Boston :   |b Houghton Mifflin,   |c c1979 
300 |a xvi, 595 σ.;  |b εικ.;  |c 24 εκ. 
504 |a Περιλαμβάνει βιβλιογραφικές παραπομπές και ευρετήριο 
650 0 0 |a Marketing  |x Management. 
852 |a INST  |b CHIOS  |e 19960207  |h 658.8 BEL  |p 005200004313  |q 005200004313  |t BK  |y 0 
909 |a Χ  |b 00135